000 00410nam a2200169Ia 4500
005 20240823010827.0
008 240823s9999||||xx |||||||||||||| ||und||
082 _A338.954 P1
100 _aBaldev Raj Nayar
245 0 _aGlobalization and Nationalism
250 _a1st
260 _c2001
_b"Sage,New Delhi"
500 _aYES
650 _aManagement
_bManagement Studies
942 _cBK
999 _c159758
_d159758